[Event "Amager-ch C"]
[Site "Amager"]
[Date "2014.09.23"]
[Round "5"]
[White "Kinch, Peder"]
[Black "Furberg, Jacob Kjaerulf"]
[Result "1-0"]
[WhiteElo "1269"]
[BlackElo "1313"]
[PlyCount "91"]
[EventDate "2014.08.19"]
[EventType "tourn"]
[EventRounds "7"]
[EventCountry "DEN"]
[SourceTitle "EXT 2023"]
[Source "ChessBase"]
[SourceDate "2022.10.05"]
[SourceVersion "1"]
[SourceVersionDate "2022.10.05"]
[SourceQuality "1"]

1. f4 Nc6 2. Nf3 d5 3. e3 Bf5 4. b3 d4 5. d3 e6 6. e4 Bg4 7. Be2 Bd6 8. 0-0 Nh6 9. Na3 Bxf3 10. Bxf3 Qh4 11. g3 Qh3 12. Nc4 Bc5 13. a3 a5 14. Nd2 e5 15. Bg2 Qg4 16. Nf3 f5 17. Nxe5 Nxe5 18. fxe5 fxe4 19. Bxe4 Qxd1 20. Rxd1 Ng4 21. Bxb7 Ne3 22. Bxe3 dxe3 23. Kf1 Rf8+ 24. Kg2 Rf2+ 25. Kh3 Rb8 26. Bc6+ Ke7 27. d4 Rb6 28. Be4 Rh6+ 29. Kg4 Bb6 30. c4 c5 31. d5 Rhxh2 32. Rh1 h5+ 33. Kg5 Bd8 34. Rxh2 Rxh2 35. Re1 Kf7+ 36. Kf4 e2 37. Bf3 g5+ 38. Ke4 g4 39. Bxe2 h4 40. Bxg4 hxg3 41. Rf1+ Rf2 42. Rxf2+ gxf2 43. Bh3 Ke7 44. d6+ Ke8 45. Kd5 Bb6 46. Kc6 1-0

[Event "Amager-ch C"]
[Site "Amager"]
[Date "2014.08.26"]
[Round "2"]
[White "Brorsen, Kristian"]
[Black "Kinch, Peder"]
[Result "0-1"]
[WhiteElo "1407"]
[BlackElo "1269"]
[PlyCount "58"]
[EventDate "2014.08.19"]
[EventType "tourn"]
[EventRounds "7"]
[EventCountry "DEN"]
[SourceTitle "EXT 2023"]
[Source "ChessBase"]
[SourceDate "2022.10.05"]
[SourceVersion "1"]
[SourceVersionDate "2022.10.05"]
[SourceQuality "1"]

1. d4 Nf6 2. Nc3 b6 3. Bf4 Bb7 4. e3 e6 5. Nb5 d6 6. Nf3 Nd5 7. Bg3 a6 8. e4 Nf6 9. e5 Nd5 10. c4 axb5 11. cxd5 Bxd5 12. exd6 Bxd6 13. Bxb5+ c6 14. Bxd6 Qxd6 15. Bd3 Qb4+ 16. Qd2 Qxd2+ 17. Kxd2 Rxa2 18. Kc2 Rxa1 19. Rxa1 0-0 20. Re1 Bxf3 21. gxf3 Nd7 22. Be4 Rc8 23. Kd2 c5 24. Rc1 f5 25. Bb1 Nf6 26. Ba2 Nd5 27. dxc5 bxc5 28. Re1 Kf7 29. Kd3 Nb4+ 0-1

[Event "Amager Aabne CC-ch"]
[Site "Amager"]
[Date "2012.03.27"]
[Round "7"]
[White "Brorsen, Kristian"]
[Black "Kinch, Peder"]
[Result "1-0"]
[WhiteElo "1263"]
[BlackElo "1191"]
[PlyCount "31"]
[EventDate "2012.01.10"]
[EventType "swiss"]
[EventRounds "7"]
[EventCountry "DEN"]
[SourceTitle "EXT 2023"]
[Source "ChessBase"]
[SourceDate "2022.10.05"]
[SourceVersion "1"]
[SourceVersionDate "2022.10.05"]
[SourceQuality "1"]

1. Nf3 d6 2. e4 e5 3. Bc4 Be7 4. Nc3 Bg4 5. h3 Bh5 6. d3 c6 7. Be3 Nd7 8. d4 Bf6 9. g4 Bg6 10. h4 h6 11. Qd2 exd4 12. Bxd4 Nc5 13. Qe3 Qe7 14. e5 Bxe5 15. Nxe5 0-0-0 16. Nxg6 1-0

[Event "Amager Aabne CC-ch"]
[Site "Amager"]
[Date "2012.02.14"]
[Round "4"]
[White "Jensen, Jonbert"]
[Black "Kinch, Peder"]
[Result "1-0"]
[WhiteElo "1402"]
[BlackElo "1191"]
[PlyCount "83"]
[EventDate "2012.01.10"]
[EventType "swiss"]
[EventRounds "7"]
[EventCountry "DEN"]
[SourceTitle "EXT 2023"]
[Source "ChessBase"]
[SourceDate "2022.10.05"]
[SourceVersion "1"]
[SourceVersionDate "2022.10.05"]
[SourceQuality "1"]

1. e4 e5 2. Nf3 Nc6 3. Bc4 Bc5 4. 0-0 Nf6 5. Nc3 d6 6. h3 a6 7. a3 b5 8. Bd5 Bb7 9. d3 Nxd5 10. Nxd5 Ne7 11. b4 Ba7 12. Ne3 Bc8 13. Nh4 0-0 14. Kh1 f5 15. exf5 Bxe3 16. fxe3 Nxf5 17. Nxf5 Rxf5 18. Bd2 Qg5 19. Qe2 Bb7 20. Rxf5 Qxf5 21. e4 Qg6 22. Rf1 Rf8 23. Rf2 Qe6 24. Rxf8+ Kxf8 25. Qf3+ Qf6 26. Qxf6+ gxf6 27. g4 Kf7 28. Kg2 d5 29. Kf3 Ke6 30. g5 dxe4+ 31. dxe4 f5 32. c3 Bxe4+ 33. Ke3 Kd5 34. h4 f4+ 35. Ke2 c5 36. h5 cxb4 37. axb4 Ke6 38. Be1 Kf7 39. Bf2 Ke6 40. Kf1 Kf5 41. g6 hxg6 42. h6 1-0

[Event "Amager-ch"]
[Site "Amager"]
[Date "2011.10.25"]
[Round "7"]
[White "Tronning, Mark Philip"]
[Black "Kinch, Peder"]
[Result "1-0"]
[WhiteElo "1439"]
[BlackElo "1204"]
[PlyCount "31"]
[EventDate "2011.08.30"]
[EventType "swiss"]
[EventRounds "7"]
[EventCountry "DEN"]
[SourceTitle "EXT 2023"]
[Source "ChessBase"]
[SourceDate "2022.10.05"]
[SourceVersion "1"]
[SourceVersionDate "2022.10.05"]
[SourceQuality "1"]

1. e4 e5 2. Nf3 Nc6 3. Bb5 Bc5 4. 0-0 Nge7 5. c3 a6 6. Ba4 0-0 7. d4 exd4 8. cxd4 Ba7 9. Bc2 d5 10. e5 g6 11. h3 Nf5 12. Bxf5 Bxf5 13. Bg5 Qd7 14. Bf6 Be4 15. Qd2 Ne7 16. Nh4 1-0

[Event "Amager-ch"]
[Site "Amager"]
[Date "2011.09.27"]
[Round "4"]
[White "Nielsen, Bjorn1111"]
[Black "Kinch, Peder"]
[Result "0-1"]
[WhiteElo "1084"]
[BlackElo "1204"]
[PlyCount "42"]
[EventDate "2011.08.30"]
[EventType "swiss"]
[EventRounds "7"]
[EventCountry "DEN"]
[SourceTitle "EXT 2023"]
[Source "ChessBase"]
[SourceDate "2022.10.05"]
[SourceVersion "1"]
[SourceVersionDate "2022.10.05"]
[SourceQuality "1"]

1. e4 e5 2. Nc3 Bc5 3. Nf3 Nc6 4. Be2 Nge7 5. 0-0 0-0 6. Re1 f5 7. Bc4+ Kh8 8. d4 Nxd4 9. Nxd4 Bxd4 10. Be3 Bxe3 11. Rxe3 f4 12. Rf3 d6 13. h3 Ng6 14. Ne2 Qg5 15. Ng3 Nh4 16. Qf1 Nxf3+ 17. gxf3 fxg3 18. Qg2 gxf2+ 19. Kh1 Qh5 20. Bf1 Rxf3 21. Be2 Rxh3+ 0-1